Logo BPK

Biblioteka

Politechniki Koszalińskiej

Tematy egzaminów wstępnych z fizyki z rozwiązaniami 1972-1978 / (Rekord nr 803)

Szczegóły MARC
000 -ETYKIETA REKORDU
podpole kontrolne o stałej długości 00494nam a2200169 i 4500
001 - NUMER KONTROLNY REKORDU
pole kontrolne bg
040 ## - ŹRÓDŁO KATALOGOWANIA
Instytucja, która utworzyła rekord BPK
041 ## - KOD JĘZYKA
Kod języka tekstu pol
080 ## - UNIWERSALNA KLASYFIKACJA DZIESIĘTNA - UKD
UKD 53:378.2:371.2(438)(076)
008 - POLE O STAŁEJ DŁUGOŚCI - DANE KONTROLNE
podpole kontrolne o stałej długości s pl f |000 0 pol
100 1# - NAZWA OSOBOWA
Nazwa osobowa Góral, Władysław.
245 10 - TYTUŁ/ODPOWIEDZIALNOŚĆ
Tytuł Tematy egzaminów wstępnych z fizyki z rozwiązaniami 1972-1978 /
Pozostałe elementy strefy tytułu i oznaczenia odpowiedzialności W[ładysław] Góral, T[adeusz] Stanisz.
260 ## - STREFA ADRESU WYDAWNICZEGO
Miejsce wydania Warszawa :
Nazwa wydawcy/dystrybutora PWN,
Data publikacji, dystrybucji/powstania dokumentu 1979.
300 ## - STREFA OPISU FIZYCZNEGO
Objętość s. 675, nlb. 1 :
Inne cechy fizyczne rys.
700 1# - HASŁO DODATKOWE - NAZWA OSOBOWA
Nazwa osobowa Stanisz, Tadeusz.
856 ## - LOKALIZACJA I DOSTĘP DO ELEKTRONICZNYCH DOKUMENTÓW ZDALNYCH
Link (URL) http://koha.tu.koszalin.pl/cgi-bin/koha/opac-detail.pl?biblionumber=803
Tekst linku Katalog online BPK
942 ## - DODATKOWE ELEMENTY (KOHA)
Typ dokumentu Książka
Egzemplarze
Wycofany Status egzemplarza Uszkodzony Dostępność Lokalizacja stała Lokalizacja bieżąca Miejsce przechowywania Sygnatura Kod kreskowy Typ dokumentu
      Dostępny Biblioteka Politechniki Koszalińskiej Biblioteka Politechniki Koszalińskiej Wypożyczalnia BG P 21398 01392593 Książka
      Dostępny Biblioteka Politechniki Koszalińskiej Biblioteka Politechniki Koszalińskiej Wypożyczalnia BG P 21400 02226088 Książka
© 2023 Biblioteka Politechniki Koszalińskiej :: KOHA